Jesús de Nazaret

Salvato in:
Dettagli Bibliografici
Autore principale: Bueno Heras, Carmelo Pérez Landáburu, Encarnación Pérez Urroz, Alejandro
Natura: Sconosciuto
Lingua:spagnolo
Pubblicazione: Madrid San Pío X 1988
Catalogo:MANES:  Risultati della ricerca del catalogo della biblioteca
Libro di testo Classificazione:
Tags: Aggiungi Tag
Nessun Tag, puoi essere il primo ad aggiungerne!!
Aggiunto a:2016-04-26

MARC

LEADER 000000000a22000000004500
001 02428
003 OSt
008 160427s sp ||||| |||| 00| 0 spa d
040 |c centro_manes 
041 1 |a spa 
691 7 |a PRI 
100 1 |a Bueno Heras, Carmelo  |9 97  |a Pérez Landáburu, Encarnación  |9 98  |a Pérez Urroz, Alejandro  |9 99 
245 0 0 |a Jesús de Nazaret 
260 3 |a Madrid  |b San Pío X  |c 1988 
300 |a 127 p.  |c 27x19 cm 
500 |a Fecha de publicación tomada del Depósito Legal 
690 7 |a RyM 
942 |2 ddc  |c BK 
546 |a España 
999 |c 8402  |d 8402 
999 |c manes:8402  |d 8402